000 00785 a2200241 4500
005 20260408144818.0
008 260408b |||||||| |||| 00| 0 eng d
020 _a978-93-91520-26-7 (hbk)
037 _cTB
040 _aCRL
_cCRL
041 _2eng
_aeng
084 _aV498:192(zP).N R4
_qCRL
100 _aRaghavan, C.
_91114086
245 _aTibet and India's security: himalayan region, refugees and sino-India Relation
260 _aDelhi, India:
_bPrashant Publishing House,
_c2024.
300 _a256p.
365 _b1650.00
_cINR
650 _aTibet-History
_91234360
650 _aIndia-History
650 _aForeign relation
942 _cTB
_2CC
_hV498:192(zP).N R4
999 _c1678763
_d1678763